古典文學研索
| 資料類型: | 圖書 | 書目號: | 51955 |
Leader xxxxxxxxxx 001 __ PCLIS00051955 005 __ 20180330163446.46 010 0_ |a|b平裝|dNT$100 020 __ |acw|b82005151 100 __ |a20180330d2018 0chib0109 e 101 0_ |achi 102 __ |acw 105 __ |aa z 000yy 200 1_ |a古典文學研索|e|f于大成著|g 205 __ |a初版 210 __ |a臺北市|c木鐸出版社|d民73.1 215 0_ |a[ 3] ,202 面 |c|d 225 1_ |a|v 300 __ |a 681 __ |a820.7|b 700 __ |a于|b大成|4著 702 _1 |a|b|4 801 __ |acw|b本館|c20180330 |